[Event "Steinfurt Bezirksliga 0607"]
[Site "Germany"]
[Date "2007.04.28"]
[Round "9.6"]
[White "Gaida, Peter"]
[Black "Schulte, Ralf"]
[Result "0-1"]
[WhiteElo "1504"]
[BlackElo "1770"]
[PlyCount "84"]
[EventDate "2006.09.09"]
[EventType "team-tourn"]
[EventRounds "9"]
[EventCountry "GER"]
[SourceTitle "EXT 2008"]
[Source "ChessBase"]
[SourceDate "2007.11.25"]
[SourceVersion "1"]
[SourceVersionDate "2007.11.25"]
[SourceQuality "1"]
[WhiteTeam "Ibbenbueren II"]
[BlackTeam "Emsdetten Rochade"]
[WhiteTeamCountry "GER"]
[BlackTeamCountry "GER"]

1. c4 e6 2. Nc3 Nf6 3. d4 d5 4. Bg5 Be7 5. Nf3 0-0 6. e3 c6 7. cxd5 exd5 8. Bd3 Bg4 9. 0-0 Nbd7 10. Re1 Ne4 11. Bxe4 dxe4 12. Nxe4 Bxf3 13. Bxe7 Bxd1 14. Bxd8 Bc2 15. Nd6 Rfxd8 16. Nxb7 Rdb8 17. Rec1 Be4 18. Nd6 Nf6 19. b3 Rb6 20. Rc5 Ra6 21. Rac1 Rxa2 22. f3 Bd5 23. e4 Bxb3 24. Rxc6 h6 25. Rc7 Rd8 26. e5 Nh5 27. R1c3 Be6 28. g3 g6 29. Rd3 Ra5 30. Kf2 Ng7 31. Ne4 Nf5 32. d5 Bxd5 33. e6 Ra2+ 34. Kg1 Rb8 35. Nf6+ Kh8 36. Rd1 Bxe6 37. Rdc1 Kg7 38. Ng4 h5 39. Ne5 Rbb2 40. g4 Rg2+ 41. Kf1 Ne3+ 42. Ke1 Rg1# 0-1